Inšpirácie podnikateľských modelov

Vymedzenie podnikateľského modelu. Koncipovanie podnikateľského modelu. Problémy podnikateľského modelu. Nové a inšpiratívne podnikateľské modely.

Gespeichert in:
Bibliographische Detailangaben
1. Verfasser: Záležáková, Eliška
Format: Buchkapitel
Sprache:Slowakisch
Schlagworte:
Tags: Tag hinzufügen
Keine Tags, Fügen Sie das erste Tag hinzu!

MARC

LEADER 00000naa$a2200000$$$4500
001 0180296
005 20240502073053.2
041 0 |a slo 
044 |a SK 
245 1 0 |a Inšpirácie podnikateľských modelov  |c Eliška Záležáková 
520 |a Vymedzenie podnikateľského modelu. Koncipovanie podnikateľského modelu. Problémy podnikateľského modelu. Nové a inšpiratívne podnikateľské modely. 
610 2 0 |a modely 
610 2 0 |a podnik 
610 2 0 |a podnikanie 
610 2 0 |a kreativita 
610 2 0 |a zákazníci 
610 2 0 |a hodnota pridaná 
610 2 0 |a výnosy 
610 2 0 |a inovácia 
100 1 |a Záležáková, Eliška